000 00176 a2200097 4500
020 _ao425204235
041 _aeng
100 _aCussler Clive
245 _aBlack Wind
942 _cBK
999 _c7778
_d7778